Rozpoznaj Świętego - Statystyki

Ogólne statystyki
  • Ten quiz został rozwiązany 26 razy
  • Średni wynik to 6 z 10
Statystyki odpowiedzi
Obrazkowy Odpowiedź % Poprawnych
Św. Józef
87%
Św. Faustyna
78%
Św. Jadwiga
78%
Św. Antoni
61%
Św. Cecylia
57%
Św. Krzysztof
57%
Św. Kinga
52%
Św. Rita
48%
Św. Stanisław
48%
Św. Polikarp
35%
Nie znaleziono quizów pasujących do podanych kryteriów
Rozkład punktacji
Procent ludzi z każdym wynikiem
Percentyl według liczby udzielonych odpowiedzi
Twoja historia wyników
Nie rozwiązałeś tego quizu